000 00291nam a22001337a 4500
008 170621b xxu||||| |||| 00| 0 eng d
020 _a0899081981
041 _aeng
080 _a32
100 _a20
101 _aSHP
245 _aAMERICAN FOREIGN POLICY
_cBENDER.D.L
942 _2udc
_cBK
999 _c18540
_d18540